书目信息 |
| 题名: |
世界名川大河
|
|
| 作者: | 吴玉林 , 白文 编 | |
| 分册: | ||
| 出版信息: | 北京 中国青年出版社 1987 |
|
| 页数: | 238页 | |
| 开本: | 19cm | |
| 丛书名: | 世界风光小丛书 | |
| 单 册: | ||
| 中图分类: | P941.77 , P941.17 | |
| 科图分类: | ||
| 主题词: | 河流--世界 , 区域地理学:自然地理学 | |
| 电子资源: | ||
| ISBN: | 7-5006-0043-7 | |
| 000 | 00786nam2 2200289 45 | |
| 001 | 0187008088 | |
| 005 | 20061122172458.31 | |
| 010 | @a7-5006-0043-7@dCNY1.45 | |
| 100 | @a19900830d1987 em y0chiy0121 ea | |
| 101 | 0 | @achi |
| 102 | @aCN@b110000 | |
| 105 | @af z 000yy | |
| 106 | @ar | |
| 200 | 10 | @a世界名川大河@Ashi jie ming chuan da he@f吴玉林, 白文编 |
| 210 | @a北京@c中国青年出版社@d1987 | |
| 215 | @a238页@c彩照@d19cm | |
| 225 | 2 | @a世界风光小丛书 |
| 410 | 0 | @120010@a世界风光小丛书 |
| 606 | @a河流@y世界 | |
| 606 | 0 | @a区域地理学:自然地理学 |
| 690 | @aP941.77@v3 | |
| 690 | @aP941.17 | |
| 701 | 0 | @a吴玉林@Awu yu lin@4编 |
| 701 | 0 | @a白文@Abai wen@4编 |
| 801 | 0 | @aCN@b深圳图书馆@c20061122 |
| 801 | 2 | @aCN@bNLC@c20040917 |
| 905 | @f1@b217490@dP941.77@e58 | |
| 世界名川大河/吴玉林, 白文编.-北京:中国青年出版社,1987 |
| 238页:彩照;19cm.-(世界风光小丛书) |
| ISBN 7-5006-0043-7:CNY1.45 |
| ● |
| 相关链接 |
|
|
|
|
正题名:世界名川大河
索取号:P941.77/58
 
预约/预借
| 序号 | 登录号 | 条形码 | 馆藏地/架位号 | 状态 | 备注 |
| 1 | 0217490 | 001650047 | 第三借阅区/ [索取号:P941.77/58] | 在馆 | |
| 2 | 0217491 | 001960952 | 第三借阅区/ [索取号:P941.77/58] | 在馆 | |
| 3 | 0217492 | 000075830 | 第二样本阅览室/ [索取号:P941.77/58] | 在馆 |